US States that Contain the Letter L - Statistics

General Stats
  • This quiz has been taken 190 times
  • The average score is 13 of 14
Answers on the Map
Answers color-coded by a green-red scale on the quiz's map according to % correct below.
 
Answer Stats
Answer % Correct
Alaska
99%
California
99%
Florida
99%
Alabama
98%
Louisiana
97%
Oklahoma
96%
Illinois
95%
Colorado
94%
Delaware
94%
North Carolina
94%
South Carolina
94%
Pennsylvania
93%
Rhode Island
92%
Maryland
91%
No matching quizzes found
Score Distribution
Percent of People with Each Score
Percentile by Number Answered
Your Score History
You have not taken this quiz